| 000 | 01019nmc a2200337 a 4500 | ||
|---|---|---|---|
| 003 | AR-BaBNM | ||
| 005 | 20251128210018.0 | ||
| 008 | 118119s1998 ||||||||||||||000 | spa|| | ||
| 020 | _a987-9191-37-4 | ||
| 040 | _cAR-BaBNM | ||
| 100 | 1 | _aBatistón, Virginia | |
| 245 | 1 | 0 |
_aPlan educativo institucional _bdiseño, ejecución, evaluación |
| 250 | _a1ª ed. | ||
| 260 |
_aBuenos Aires _bEdiciones Novedades educativas _c1998 |
||
| 300 | 0 | _a121 p. | |
| 490 | 0 | _aGestión institucional | |
| 504 | _aContiene bibliografía al final del libro | ||
| 650 | 4 | _aPARTICIPACION | |
| 650 | 4 | _aPROBLEMAS METODOLOGICOS | |
| 650 | 4 | _aSOLUCION DE PROBLEMAS | |
| 650 | 4 | _aMARCO DE REFERENCIA INSTITUCIONAL | |
| 650 | 4 | _aEVALUACION | |
| 650 | 4 | _aELABORACION DE INFORMES | |
| 653 | 0 | _aPLANIFICACION INSTITUCIONAL | |
| 653 | 0 | _aPROYECTO EDUCATIVO INSTITUCIONAL | |
| 653 | 0 | _aGESTION INSTITUCIONAL | |
| 653 | 0 | _aTRANSFORMACION EDUCATIVA | |
| 700 | 1 | _aFerreira, Horacio Ademar | |
| 942 | _cBK | ||
| 998 | _cRaquel | ||
| 999 |
_c13698 _d13698 |
||